000 00616nam a22001937a 4500
005 20160624165020.0
010 _aENG-115151
020 _a9789385755859
_c399.00
035 _aEN-98683
037 _bDBAD/PUB
082 _a305.26
100 _aWestendorp, Rudi
245 _aGrowing older without feeling old :
_cby Rudi Westendorp ; translated by David Shaw
_bon vitality and ageing /
260 _aNew Delhi
_bSpeaking Tiger
_c2016
270 _a4381/4 Ansari Road, Daryaganj,
_bNew Delhi
_e110002
300 _a303p.
_c22cm(pbk)
700 _aShaw, David
942 _2ddc
_cEN
_h305.26
_mWES
999 _c100069
_d100069